Pacifický vs. Atlantický obchodný blok v Latinskej Amerike bakalárska práca

Gespeichert in:
Bibliographische Detailangaben
1. Verfasser: Bieliková, Natália
Körperschaft: Obchodná fakulta EU. Katedra medzinárodného obchodu
Weitere Verfasser: Sopková, Gabriela
Format: Buch
Sprache:Slowakisch
Veröffentlicht: Bratislava 2015
Tags: Tag hinzufügen
Keine Tags, Fügen Sie das erste Tag hinzu!

MARC

LEADER 00000nbm a2200000 4500
001 0203136
005 20161212104924.6
041 0 |a slo 
044 |a SK 
245 1 0 |a Pacifický vs. Atlantický obchodný blok v Latinskej Amerike  |b bakalárska práca  |c Natália Bieliková ; školiteľ: Gabriela Sopková 
264 1 |a Bratislava  |c 2015 
300 |a 48 s. 
100 1 |a Bieliková, Natália 
700 1 |a Sopková, Gabriela 
710 2 |a Obchodná fakulta EU. Katedra medzinárodného obchodu